000 00613cam a2200193 a 4500
005 20171114145227.0
008 980310s1990 ck l 00010 spa d
040 _ala
_cla
_dCO-BoIAVH
041 0 _aspa
044 _ack
082 0 4 _a363.738498
_bC71d
110 1 _aColombia
_bMinisterio de Salud
245 1 0 _aDisposiciones sanitarias sobre plaguicidas /
_cMInisterio de Salud.
260 _aBogotá :
_bMinisterio de Salud,
_c1990.
300 _a75 páginas ;
_c28 x 21 cm.
630 0 0 _aDecreto 775 de 1990
650 2 0 _aPlaguicidas
_xLegislación
_zColombia
_y1990
942 _2ddc
_cLIBRO
999 _c297
_d297